| 000 | 003870000a22001570004500 | ||
|---|---|---|---|
| 020 | _a8185445168 | ||
| 060 | _a100 | ||
| 082 | _a338.1854 DIW | ||
| 100 | _aDiwakar, D.M. | ||
| 245 | _aAgriculture and industry : dynamics of imbalances in India | ||
| 260 | _aManak Publication Pvt.Ltd | ||
| 260 | _c1991 | ||
| 300 | _a165 | ||
| 650 | _aAgricultural economics - India | ||
| 942 | _cBK | ||
| 999 |
_c350009 _d350009 |
||